| 000 | 00812nam a2200217Ia 4500 | ||
|---|---|---|---|
| 005 | 20211111074223.0 | ||
| 008 | 130821s2002 ck gr spa | ||
| 020 | _a9583341215 | ||
| 040 |
_aCo-BoUCM _bspa _cDiana Londoño _dDiana Londoño |
||
| 041 | 0 | 0 | _aspa |
| 100 | 1 |
_aFranco Delgadillo, Eduardo _942487 |
|
| 245 | 1 | 3 |
_aLa eutanasia eliminación del sufrimiento Humano. _cEduardo Franco Delgadillo y Jaime Robledo Toro |
| 260 |
_aBogotá (Colombia) _bUniversidad Libre de Colombia _c2002 |
||
| 300 | _a194 páginas | ||
| 650 | 7 |
_aDerecho a morir _xAspectos jurídicos _942490 |
|
| 650 | 7 |
_aEutanasia _xAspectos jurídicos _942488 |
|
| 650 | 7 |
_aSuicidio asistido _xÉtica _942489 |
|
| 690 |
_aSalud pública _98073 |
||
| 942 |
_cLIBRO _a8 _e1 _mF825e _2DEWEY _h344.04197 |
||
| 999 |
_c49478 _d49478 |
||